000 00287nam a2200109Ia 4500
001 1275969
005 20260417160438.0
008 260417s9999 xx 000 0 und d
020 _a9786256126978
245 0 _aMerhaba, Ben Filistinli Arkadaşın
_cNabila Adani
260 _bKetebe Çocuk
999 _c1275969
_d1275969